| 000 | 00719nam a22001577a 4500 | ||
|---|---|---|---|
| 003 | OSt | ||
| 005 | 20150922105937.0 | ||
| 008 | 150922b xxu||||| |||| 00| 0 eng d | ||
| 040 | _cRUA | ||
| 082 | _aAGR PHA 2010 B045 Or.1 | ||
| 100 |
_91094 _aPHA, PROS. |
||
| 245 | _acomparison of different transplanting depth on ir 66 rice variety in the royal university of agriculture ( ការប្រៀបធៀបនៃជំរៅសន្ទូងផ្សេងៗគ្នាទៅលើពូជស្រូវ អ៊ីអ៊ែ ៦៦ នៅសាកលវិទ្យាល័យភូមិន្ទកសិកម្ម) | ||
| 260 |
_aPhnom Penh _bRUA _c2010 |
||
| 300 |
_axii, 45p. _bill. _c29cm. |
||
| 942 |
_2ddc _cAGR |
||
| 999 |
_c1049 _d1049 |
||